00619nam a22001937a 450000500170000001000140001702000260003102000230005703500130008003700130009308200100010610000210011624500980013726000450023527000630028030000260034350000500036965000060041920100809104456.0 aENG-98994 a9780195697360c750.00 a0195697367c750.00 aEN-82526 bDBAD/PUB a363.7 aNandimath, O. V. aOxford handbook of enviromental decision making in india :can eia model /bby O.V. Nandimath aNew DelhibOxford University Pressc2009 a YMCA Library Buiding, Jai Sing Road, bNew Delhie110 001 axii, 234p.c24cm (Hb) aIncludes bibliographical references and index a